000 00916cam a2200337 4500500
005 20260329004951.0
041 _afre
042 _adc
100 1 0 _aLacroix, Alexandre
_eauthor
245 0 0 _aLes stratégies philosophiques pour faire face au vieillissement
260 _c2021.
500 _a52
690 _aÂge
690 _aAldous Huxley
690 _aAscèse
690 _aCicéron
690 _aDrogues
690 _aHabitude
690 _aMontaigne
690 _aMort
690 _aœuvre
690 _aStratégies
690 _aTchouang Tseu
690 _aTranshumanisme
690 _aVieillesse
690 _avieillir
690 _aVieillissement
690 _aZhuangzi
786 0 _nPhilosophie magazine | 155 | 12 | 2021-12-01 | p. 27-27 | 1951-1787
856 4 1 _uhttps://shs.cairn.info/magazine-philosophie-magazine-2021-12-1-page-27?lang=fr&redirect-ssocas=7080
999 _c1839022
_d1839022